Violence in Nigeria (Record no. 122213)
[ view plain ]
| 000 -LEADER | |
|---|---|
| fixed length control field | 00451nam a22001337a 4500 |
| 008 - FIXED-LENGTH DATA ELEMENTS--GENERAL INFORMATION | |
| fixed length control field | 150226b xxu||||| |||| 00| 0 eng d |
| 020 ## - INTERNATIONAL STANDARD BOOK NUMBER | |
| International Standard Book Number | 9781580460521 |
| 050 ## - LIBRARY OF CONGRESS CALL NUMBER | |
| Classification number | BL2470.N5 F35 1998 |
| 100 ## - MAIN ENTRY--PERSONAL NAME | |
| Personal name | Falola, Toyin |
| 9 (RLIN) | 15584 |
| 245 ## - TITLE STATEMENT | |
| Title | Violence in Nigeria |
| Remainder of title | the crisis ofn religious politics and secular ideologies |
| Statement of responsibility, etc | Toyin Falola |
| 260 ## - PUBLICATION, DISTRIBUTION, ETC. (IMPRINT) | |
| Place of publication, distribution, etc | New York |
| Name of publisher, distributor, etc | University of Rochester Press |
| Date of publication, distribution, etc | 1998 |
| 300 ## - PHYSICAL DESCRIPTION | |
| Extent | xv, 386p. ; |
| Dimensions | 23cm. |
| 942 ## - ADDED ENTRY ELEMENTS (KOHA) | |
| Source of classification or shelving scheme | Library of Congress Classification |
| Item type | Monograph ( Printed materials) |
No items available.